000 00521pab a2200181 454500
008 180718b2001 xxu||||| |||| 00| 0 eng d
100 _aJones, Philip
245 _aPolitical parties, political integrity and public policy: a transactions costs approach
260 _c2001
300 _ap.70-88
362 _aMar
650 _aPublic policy - Great Britain
650 _aPolitical parties - Great Britain
650 _aPolitical parties
700 _aHudson, John
773 _aPolitical Studies
909 _a48213
999 _c48213
_d48213